000 00589nam a2200193 a 4500
001 000013100
005 20240412074237.0
008 091120s1996 dr 000 j spa d
040 _aDO-SdBNP
_bspa
_cBNPHU
082 _aRD863.44
_bS787m
100 1 _aStanley, Avelino,
_d1959-
_91536
245 1 3 _aLa máscara del tiempo /
_cAvelino Stanley.
260 _aSanto Domingo :
_bBúho,
_c1996.
300 _a105 p. ;
_c20 cm.
590 _aInventariado, 2019/VM
650 0 _aCuentos dominicanos
_9176
650 0 _aLiteratura dominicana.
_967
910 _aValidado. Control de calidad MMOLINA
999 _c12742
_d12742